000 00313nam a22001337a 4500
008 170725b xxu||||| |||| 00| 0 eng d
020 _a9780132936491
041 _aeng
080 _27TH
_a004
100 _a29
101 _aSHK
245 _aPROBLEM SOLVING AND PROGRAM DESIGN IN C
_cHANLY,J.R
942 _2udc
_cBK
999 _c21856
_d21856